00617cam a2200193Ka 4500020001800000020001500018022001300033040001000046082002600056245008900082246001000171300006100181650003000242650002600272650002100298650002300319700002000342710006100362 a9789251060032 a9251060037 a16848241 cTULAW aFAO RAP 2008 C136 Or.00aRapid Agricultural Disaster Assessment Routine (RADAR) :bAndrea Borgia ... [et al.]3 aRADAR ax, 77 pages :billustrations, maps (some color) ;c25 cm 0aAgricultural productivity 0aEmergency management. 0aDisaster relief. 0aNatural disasters.1 aBorgia, Andrea.2 aFood and Agriculture Organization of the United Nations.